Statistics for New Zealand Rugby All Blacks - Tall Timber

Click here to take the quiz!

General Stats

  • This quiz has been taken 98 times
    (54 since last reset)
  • The average score is 7 of 15

Answer Stats

Height Years Active Player % Correct
2.02m2002-2012Ali Williams
87%
2.02m2010-2019Sam Whitelock
85%
2.04m2012-2019Brodie Retallick
83%
2.02m2001-2007Chris Jack
78%
2.06m2013-2014Dominic Bird
63%
2.00m2008-2011Anthony Boric
52%
2.05m1992-2001Mark Cooksley
50%
2.00m2005-2006James Ryan
46%
2.02m2005-2009Jason Eaton
33%
2.01m2009Isaac Ross
33%
2.01m2008Kevin O'Neill
30%
2.03m1981Hud Rickit
22%
2.00m2006-2007Greg Rawlinson
20%
2.01m2015James Broadhurst
17%
2.00m2009-2010Tom Donnelly
17%

Score Distribution

Percentile by Number Answered

Percent of People with Each Score

Your Score History

You have not taken this quiz since the last reset